<?xml version="1.0" encoding="UTF-8"?>
<collection xmlns="http://www.loc.gov/MARC21/slim">
    <record>
        <controlfield tag="001">69152</controlfield>
        <controlfield tag="005">20180223095541.0</controlfield>
        <datafield tag="037" ind1=" " ind2=" ">
            <subfield code="a">GDOC-2016-25250</subfield>
        </datafield>
        <datafield tag="041" ind1=" " ind2=" ">
            <subfield code="a">spa</subfield>
        </datafield>
        <datafield tag="100" ind1=" " ind2=" ">
            <subfield code="0">(orcid)0000-0001-6514-3641</subfield>
            <subfield code="1">390994</subfield>
            <subfield code="a">Nicolau Ibarra, José Manuel</subfield>
        </datafield>
        <datafield tag="245" ind1="0" ind2="0">
            <subfield code="9">25250</subfield>
            <subfield code="a">Medio ambiente y sostenibilidad</subfield>
        </datafield>
        <datafield tag="260" ind1=" " ind2=" ">
            <subfield code="a">Zaragoza</subfield>
            <subfield code="b">Universidad de Zaragoza</subfield>
            <subfield code="c">2016-2017</subfield>
        </datafield>
        <datafield tag="520" ind1=" " ind2=" ">
            <subfield code="a">El estudio del medio ambiente es una ciencia pluridisciplinar. Para ser eficiente, el ambientólogo tiene que ser capaz de tener una visión holística y ecosistémica de los retos a los que se enfrenta.
El medio en el que vivimos está sometido a importantes presiones fruto del desarrollo. En esta asignatura se presentan las problemáticas ambientales principales a nivel global, regional y local, así como sus consecuencias sobre los ecosistemas y el ser humano, y las actuales estrategias de gestión. Además se muestran estrategias alternativas para un desarrollo más sostenible.</subfield>
            <subfield code="b"> </subfield>
        </datafield>
        <datafield tag="521" ind1=" " ind2=" ">
            <subfield code="9">100</subfield>
            <subfield code="a">Ciencias Ambientales</subfield>
        </datafield>
        <datafield tag="540" ind1=" " ind2=" ">
            <subfield code="a">by-nc-sa</subfield>
            <subfield code="b">Creative Commons</subfield>
            <subfield code="c">3.0</subfield>
            <subfield code="u">http://creativecommons.org/licenses/by-nc-sa/3.0/</subfield>
        </datafield>
        <datafield tag="700" ind1=" " ind2=" ">
            <subfield code="0">(orcid)0000-0002-5235-6776</subfield>
            <subfield code="1">391146</subfield>
            <subfield code="a">López Flores, Rocío</subfield>
        </datafield>
        <datafield tag="700" ind1=" " ind2=" ">
            <subfield code="0">(orcid)0000-0001-7037-4970</subfield>
            <subfield code="1">391566</subfield>
            <subfield code="a">Tormo Blanes, Jaume</subfield>
        </datafield>
        <datafield tag="700" ind1=" " ind2=" ">
            <subfield code="0">(orcid)0000-0002-1807-5049</subfield>
            <subfield code="1">461547</subfield>
            <subfield code="a">Miguel Salcedo, Natividad</subfield>
        </datafield>
        <datafield tag="830" ind1=" " ind2=" ">
            <subfield code="9">571</subfield>
        </datafield>
        <datafield tag="856" ind1="4" ind2=" ">
            <subfield code="s">15628</subfield>
            <subfield code="u">http://zaguan.unizar.es/record/69152/files/guia-25250-en.pdf</subfield>
            <subfield code="y">Guide (english)</subfield>
        </datafield>
        <datafield tag="856" ind1="4" ind2=" ">
            <subfield code="s">22474</subfield>
            <subfield code="u">http://zaguan.unizar.es/record/69152/files/guia-25250-es.pdf</subfield>
            <subfield code="y">Guía (idioma español)</subfield>
        </datafield>
        <datafield tag="970" ind1=" " ind2=" ">
            <subfield code="a">GDOC-2016-25250</subfield>
        </datafield>
        <datafield tag="980" ind1=" " ind2=" ">
            <subfield code="a">GDOC</subfield>
            <subfield code="b">Ciencias</subfield>
            <subfield code="c">201</subfield>
        </datafield>
    </record>

    
</collection>